| 000 | 01447nam a22003135a 4500 | ||
|---|---|---|---|
| 003 | EG-ScBUE | ||
| 005 | 20220919095451.0 | ||
| 008 | 150705s2010 nyuko f b 000 0 eng d | ||
| 020 | _a9781568989501 | ||
| 040 |
_aEG-ScBUE _beng _erda _cEG-ScBUE _dEG-ScBUE |
||
| 082 | 0 | 4 |
_a720.47 _bSTA _222 |
| 100 | 1 |
_aStang, Alanna, _d1970- _eauthor. _939189 |
|
| 245 | 1 | 4 |
_aThe green house : _bnew directions in sustainable architecture / _cAlanna Stang, Christopher Hawthorne. |
| 250 | _aFirst edition. | ||
| 264 |
_aNew York : _bPrinceton architectural Pres, _c2010. |
||
| 300 |
_a192 pages : _bforms, photographs ; _c23 cm |
||
| 336 |
_2rdacontent _atext _btxt |
||
| 337 |
_2rdamedia _aunmediated _bn |
||
| 338 |
_2rdacarrier _avolume _bnc |
||
| 504 | _aIncludes bibliographical references. | ||
| 520 | _aAlanna Stang and Christopher Hawthorne have traveled to the farthest reaches of the globe to find all that is new in the design of sustainable, or "green," homes. The result: more than thirty-five residences in fifteen countries -- and nearly every conceivable natural environment -- designed by a combination of star architects and heretofore unknown practitioners. | ||
| 650 | 7 |
_aSustainable architecture. _2BUEsh _912568 |
|
| 650 | 7 |
_aEcological houses. _2BUEsh |
|
| 651 | _2BUEsh | ||
| 653 |
_bENGARC _cJuly2015 _cJanuary2016 |
||
| 655 |
_vReading book _934232 |
||
| 700 | 1 |
_aHawthorne, Christopher, _eauthor. |
|
| 942 |
_2ddc _k728.3709049 STA _cBB |
||
| 999 |
_c20169 _d20141 |
||